Normal view
MARC view
Entry Personal Name
001 - CONTROL NUMBER
- control field: 36220
003 - CONTROL NUMBER IDENTIFIER
- control field: ARRUPE
005 - DATE AND TIME OF LATEST TRANSACTION
- control field: 20170926114948.0
008 - FIXED-LENGTH DATA ELEMENTS
- fixed length control field: 170926|| aca||aabn | a|a d
040 ## - CATALOGING SOURCE
- Original cataloging agency: ARRUPE
- Transcribing agency: ARRUPE
100 ## - HEADING--PERSONAL NAME
- Personal name: Leakey, Richard E.
670 ## - SOURCE DATA FOUND
- Source citation: Work cat.: (ARRUPE)59029: Gitonga, Eustace. 36219, Richard E. Leakey :, 1995.